| 000 | 00500nam a2200133Ia 4500 | ||
|---|---|---|---|
| 008 | 171207s9999 xx 000 0 und d | ||
| 100 | _aGupta, Vishal K. | ||
| 245 | _aAssessing Organisational Performance Within Entrepreneurial Orientation Research: Where Have We Been and Where Can We Go from Here? | ||
| 245 | _cVishal K. Gupta, William J. Wales | ||
| 260 | _c2017 | ||
| 300 | _apages 51-76, March 2017 | ||
| 440 |
_aThe Journal of Entrepreneurship _v26:1 |
||
| 650 | _aORGANIZATIONAL PERFORMANCE | ||
| 999 |
_c347585 _d347585 |
||